000 01401 a2200253 4500
005 20090415104154.0
008 090305t xxu||||| |||| 00| 0 eng d
010 _aTEL-4936
020 _c150.00
035 _aTL-3942
037 _bD.B.Act / Pub
082 _a894.82709
100 _aరాజగోపాల్, నండూరి.
245 _aఅనంతరంగాలు
_b: సాహిత్య పరామర్శ...
_c/ నండూరి రాజగోపాల్
246 _aAnantarangaalu: Saahitya paraamarsha...
_bby Nanduri Rajagopal
260 _aవిజయవాడ
_bచినుకు ప్రచురణలు
_c2008
270 _a27,28.3వ అంతస్థు, దత్తాస్ నయాబజార్, గాంధీ నగర్
_bవిజయవాడ
_cఆంధ్ర ప్రధేశ్
_e520 003
300 _a239 పే.
_c23 సె.మీ.
520 _aCritical articles on 20th century literary works
650 _aతెలుగు సాహిత్యం
_xచరిత్ర మరియు విమర్ష
_y20వ శతాబ్దం
650 _aTelugu literature
_xHistory and criticism
_y20th century
942 _cTL
_adpl
_2ddc
_h894.82709
_mRAJ
999 _c670
_d670